| 000 | 01553nab a22002537a 4500 | ||
|---|---|---|---|
| 999 |
_c5442 _d5442 |
||
| 003 | OSt | ||
| 005 | 20250909112517.0 | ||
| 008 | 190604e xxu||||| |||| 00| 0 spa d | ||
| 040 | _cPJ | ||
| 100 |
_aSwinnen, Jérémie _96451 |
||
| 245 | 1 | 3 |
_aJuicio en ausencia en Argentina : _bnueva ley y su impacto en la justicia nacional e internacional / _cJérémie Swinnen. |
| 260 |
_aCiudad Autónoma de Buenos Aires : _bThomson Reuters La Ley, _c2025. |
||
| 300 | _ap. 17-26 | ||
| 500 | _aCita Online: TR LALEY AR/DOC/406/2025. | ||
| 505 | _aSumario: I. Introducción.— II. Algunas reflexiones iniciales.— III. Legislación comparada sobre el juicio en ausencia.— IV. Tribunales internacionales: la experiencia en los procesos penales internacionales.— V. Otros tribunales penales internacionales: tribunales penales ad hoc y tribunales penales mixtos.— VI. Tribunal Europeo de Derechos Humanos y las garantías de un juicio en ausencia. — VII. Diferentes enfoques con objetivos comunes.— VIII. Jurisdicción universal y juicio en ausencia: ¿una oportunidad desaprovechada?— IX. Conclusión. | ||
| 505 | _t¿Te interesa el texto completo? Solicitalo al correo: koha@justierradelfuego.gov.ar | ||
| 650 | 0 |
_9343 _aDERECHO PENAL |
|
| 650 | 0 |
_93088 _aJUICIO ABREVIADO |
|
| 650 | 0 |
_9586 _aDEFENSA EN JUICIO |
|
| 650 | 0 |
_92095 _aSENTENCIA |
|
| 650 | 0 |
_9193 _aPENA |
|
| 773 | 0 |
_02714 _93171 _dCiudad Autónoma de Buenos Aires : Thomson Reuters La Ley, 2014- _tRevista anales de legislación argentina. Nº 4 - Mayo 2025. |
|
| 942 |
_2udc _cANA |
||